[Event "Dortmund"]
[Site "Dortmund"]
[Date "1992.??.??"]
[Round "3"]
[White "Salov, Valery"]
[Black "Huebner, Robert"]
[Result "1-0"]
[WhiteElo "2655"]
[BlackElo "2615"]
[Annotator "Ftacnik,L"]
[PlyCount "65"]
[EventDate "1992.04.16"]
[EventType "tourn"]
[EventRounds "9"]
[EventCountry "GER"]
[EventCategory "17"]
[SourceTitle "CBM 029"]
[Source "ChessBase"]
[SourceDate "1992.08.01"]
[SourceVersion "1"]
[SourceVersionDate "1992.08.01"]
[SourceQuality "1"]

1. d4 {Kortschnoj Hertneck Anand Dautov} d5 2. Nf3 Nf6 3. c4 dxc4 4. Nc3 c6 5.
e3 b5 6. a4 b4 7. Nb1 Ba6 8. Be2 e6 9. O-O c5 (9... Be7 $1 {Dautov} 10. Nbd2 (
10. Ne5 {Dautov} O-O 11. Nxc4 (11. Bxc4 $5) 11... Nbd7 12. b3 c5 13. Bb2 cxd4
14. Bxd4 Nc5 15. Nbd2 Rc8 $10) 10... c3 11. bxc3 bxc3 12. Nb1 (12. Nc4 O-O 13.
Qc2 Nbd7 14. Rd1 c5 15. Ba3 Qc7 $10) 12... Qa5 $1 13. Ba3 Bxa3 14. Rxa3 O-O 15.
Nxc3 Nbd7 16. Bxa6 Qxa6 17. e4 Rab8 18. e5 Nd5 19. Ng5 Qc4 20. Nxd5 cxd5 21.
Rg3 h6 22. Qd2 Rb3 $1 $10 {Knaak,R-Hertneck,G BL9091 Porz-Bayern}) (9... Qd5 {
Anand} 10. Nbd2 c3 $132) (9... Be7 $1 {Anand If black wants to develop quietly
this is a reasonable alternative}) 10. Nbd2 c3 {N} (10... Nc6 11. dxc5 Bxc5 12.
Bxc4 Bxc4 13. Nxc4 Qxd1 14. Rxd1 Ke7 15. Kf1 (15. b3 $5) 15... Rhd8 16. Rxd8
Rxd8 17. Ke2 Rd5 $10 {Franco,Z-Smyslov,V/Barcelona/1990/} (17... Rd5 {Dautov}
18. Bd2 e5 19. Be1 e4 20. Nfd2 Ke6 21. Rc1 Ne5 22. Nxe5 Rxe5 23. Nb3 Nd7 $10 {
Franko,Z-Smyslov,V Barcelona 1990})) (10... Qd5 {Anand} 11. Ne5 $16) 11. bxc3
bxc3 12. Nb1 Nd5 $2 (12... cxd4 13. Nxd4 e5 14. Nb5 Qxd1 15. Bxd1 $16) (12...
Qa5 $1 13. Ba3 $36 (13. Ba3 {Dautov} Bxe2 (13... Nbd7 14. Nxc3 $1) 14. Qxe2
Nbd7 15. Rc1 cxd4 16. Bxf8 Nxf8 17. Nxd4 N8d7 18. Nxc3 O-O 19. Nc6 $14)) (12...
Bxe2 $1 {Anand} 13. Qxe2 cxd4 (13... Nd5 $5) 14. Nxd4 Be7 15. Nxc3 O-O 16. Bb2
$14) (12... Qa5 $10 {Hertneck}) 13. Bb5+ $1 (13. e4 c2 14. Qxc2 Nb4 $1 15. Qd1
Bxe2 16. Qxe2 cxd4 $17) 13... Bxb5 14. axb5 cxd4 (14... Qb6 15. e4 Nf6 16. Nxc3
$36) (14... a5 $5 {Dautov} 15. e4 (15. bxa6 Nxa6 16. Qa4+ Qd7 17. Qxd7+ Kxd7
18. Ne5+ Ke8 19. e4 Ndc7 $10) 15... Nb6 16. Nxc3 cxd4 17. Nxd4 Bb4 $132) (14...
Nd7 {Anand} 15. e4 N5f6 (15... Nb4 16. Nxc3) 16. Nxc3 cxd4 17. Nxd4 $14 {><c6})
15. Qxd4 Be7 $1 (15... Qc8 {Anand} 16. e4 Nb4 17. Ra4 $36) 16. e4 $1 (16. Qxg7
$2 Bf6 17. Qh6 c2 $19) 16... c2 $1 (16... Nf6 17. Nxc3 $16) (16... Bf6 17. e5
Be7 18. Nxc3 Nxc3 19. Qxc3 O-O 20. Be3 $1 $16) 17. Na3 (17. Nc3 Nb4 $1) (17.
exd5 $5 Bf6 18. Qa4 Bxa1 19. Qxa1 cxb1=Q 20. Qxb1 Qxd5 (20... O-O 21. Ng5 g6
22. dxe6 $16) 21. Ba3 f6 22. Rd1 Qb7 23. Nd4 Kf7 24. Nxe6 $1 $40) 17... Bf6 (
17... Nb4 18. Qc4 (18. Qxd8+ {Dautov} Bxd8 19. Bd2 Be7 (19... a5 $13 {Hertneck}
) 20. Rfc1 $14) (18. Qc3 $5 $14) 18... Qd3 19. Bd2 Qxc4 20. Nxc4 Nd7 21. b6 $1
$16) 18. e5 Be7 19. Nxc2 Qd7 (19... Qb6 20. Qxb6 Nxb6 21. Ncd4 (21. Be3 {Dautov
} N8d7 22. Ra2 $16) 21... a6 22. Nc6 $16) (19... O-O 20. Rxa7 Nd7 $14) (19...
a5 {Dautov} 20. Qg4 (20. bxa6 {Anand} Nxa6 21. Qa4+ Qd7) 20... g6 21. Bh6 $36)
(19... Nd7 {Anand} 20. Rxa7 Bc5 21. Rxa8 Qxa8 22. Qg4 $16) 20. Qg4 $1 g6 (20...
Qxb5 21. Qxg7 Rf8 22. Qxh7 $16) (20... O-O 21. Bh6) 21. Ncd4 (21. Bh6 Qxb5 22.
Ncd4 Qd7 23. Rfc1 Bf8 24. Qh3 $1 $40) 21... O-O 22. Ba3 $1 (22. Bh6 Rc8 23.
Rfc1 Bf8 $16) 22... Rc8 23. h4 Rc4 (23... Bxa3 24. Rxa3 Rc4 25. Rfa1 $16) (
23... a5 $5 {Anand /\a4,Ra5}) 24. Bxe7 (24. h5 $22 {Dautov} Bxa3 25. Rxa3 Qxb5
26. hxg6 hxg6 27. Qh3 Qb4 28. Ng5 $18) 24... Qxe7 25. Rfc1 Rxc1+ (25... Qc7 26.
Qg5 $16) (25... Nc3 $2 26. Rxc3 Rxc3 27. Qe4 $18) 26. Rxc1 Nd7 27. h5 Kg7 (
27... f5 28. Qg3 (28. exf6 N7xf6 29. Qxe6+ Qxe6 30. Nxe6 Nxh5 $14) 28... Nf8
29. Rc6 $16) (27... a6 $5 28. bxa6 Rxa6 29. Rc8+ Nf8 $14) (27... a5 {Dautov}
28. Nc6 Qa3 29. Rd1 {/\Rd7} Nf8 (29... Qb3 30. Rxd5 $1 $18) 30. hxg6 hxg6 31.
Ng5 Qb3 32. Rxd5 exd5 33. Qf4 Qd1+ 34. Kh2 Qh5+ 35. Kg3 Qh6 36. b6 $18) 28. Rc6
Nf8 (28... Rb8 29. Ra6 $16) 29. Rd6 $1 f5 (29... Rc8 $2 30. Rxd5 Rc1+ 31. Kh2
exd5 32. Nf5+ $18) (29... Qc7 30. h6+ $1 Kg8 (30... Kxh6 31. Qg5+ Kg7 32. Rxd5
exd5 33. Nf5+ Kg8 34. Ne7+ Kg7 35. Qf6+ Kh6 36. Nf5+ Kh5 37. Qg5#) 31. Qg5 Qe7
32. Nc6 Qxg5 33. Nxg5 $18) (29... Qb7 {Dautov} 30. Ng5 Rc8 31. hxg6 hxg6 32.
Ngxe6+ $1 fxe6 33. Nxe6+ Nxe6 34. Qxe6 $18) 30. Qg5 $1 Rb8 (30... Qxg5 31. Nxg5
Nc7 32. Rc6 Rc8 33. Rxc7+ $1 $18) 31. h6+ Kf7 (31... Kg8 32. Qxe7 (32. Nc6 {
Dautov} Qxg5 33. Nxg5 Rxb5 34. Rxd5 $1 $18) 32... Nxe7 33. Nxe6 Nxe6 34. Rxe6
Nd5 35. Rd6 Nc7 36. Rd7 Nxb5 37. Ng5 $18) 32. Rxd5 $1 exd5 33. Qxe7+ {Ftacnik,L
} (33. Qxe7+ Kxe7 34. Nc6+ $18) 1-0

[Event "Nordic zt"]
[Site "Ostersund"]
[Date "1992.??.??"]
[Round "7"]
[White "Manninen, Marko"]
[Black "Hector, Jonny"]
[Result "0-1"]
[WhiteElo "2420"]
[BlackElo "2535"]
[Annotator "Ftacnik,L"]
[PlyCount "77"]
[EventDate "1992.??.??"]
[EventType "swiss"]
[EventRounds "9"]
[EventCountry "NOR"]
[SourceTitle "CBM 031"]
[Source "ChessBase"]
[SourceDate "1992.12.01"]
[SourceVersion "1"]
[SourceVersionDate "1992.12.01"]
[SourceQuality "1"]

1. d4 {Hertneck} d5 2. c4 c6 3. Nf3 Nf6 4. Nc3 dxc4 5. e4 b5 6. e5 Nd5 7. a4 e6
8. axb5 Nxc3 9. bxc3 cxb5 10. Ng5 Bb7 11. Qh5 g6 12. Qg4 Be7 13. Be2 Bd5 (13...
Nd7 14. Bf3 Qc7 15. Ne4 Nb6 16. O-O Bd5 17. Ba3 Bxe4 18. Bxe4 Nd5 19. Bxd5 exd5
20. Bxe7 Qxe7 21. Ra6 O-O 22. h4 $44 {Nemet-Crepan/Bern op/1988/}) 14. Ne4 (14.
Bf3 Nc6 (14... h6 15. Ne4 Nc6 16. O-O h5 17. Qg3 b4 18. Re1 Kf8 19. Nd6 h4 20.
Qf4 Bxd6 21. exd6 g5 22. Qe3 Qxd6 23. cxb4 Nxb4 24. Ba3 $44 {Schneider,
A-Horvath,Cs/Balatonbereny op/1988/}) (14... h5 {Hertneck} 15. Qg3 Nc6 16. Ne4
b4 17. Bg5 Bxg5 18. Nxg5 Ne7 $17 {Reefschlaeger-Huebner, BL 1984}) 15. Bxd5
exd5 16. h4 Bxg5 17. Bxg5 Qd7 18. Qf3 Qe6 19. Bf6 Rg8 20. Ra6 $36 {Vigh,B-Haba,
P/Oberwart op/1992/}) 14... h5 (14... Nd7 15. Bh6 f5 16. exf6 Nxf6 17. Nxf6+
Bxf6 18. O-O a6 19. Bf3 Kf7 20. Rfe1 $44 {Schlemermeyer,W-Wiedenkeller,M/
Rilton Cup/1988/}) (14... Nc6 $6 {Hertneck} 15. Bh6 b4 16. Bg7 Rg8 17. Bf6 Bxe4
18. Qxe4 Qd5 19. Qf4 g5 20. Qg4 Bxf6 21. Bf3 Qd7 22. exf6 $44 {
Schlemermeyer-Reefschlaeger, BL 1989}) 15. Qf4 a5 (15... Nd7 16. Ba3 Qa5 17.
Qc1 $1 $36) (15... Nc6 {Hertneck}) 16. Bf3 Nd7 17. Nd6+ $6 (17. O-O $142 $13) (
17. O-O $142 {Hertneck} b4 18. Re1) 17... Bxd6 18. Bxd5 (18. exd6 Qf6 (18...
Nb6 {Hertneck})) 18... exd5 19. exd6 Qf6 20. O-O (20. Qe3+ Qe6 $17) (20. Rb1 $8
{Hertneck} Rb8 21. O-O) 20... Qxf4 21. Bxf4 O-O 22. Rfe1 b4 23. Re7 Rfd8 24. g4
(24. cxb4 axb4 25. Rxa8 Rxa8 26. Rxd7 $2 Ra1+) (24. Rxd7 Rxd7 25. cxb4 a4 $19)
24... b3 25. gxh5 Nf8 $1 (25... gxh5 26. Kh1 a4 27. Rg1+ $40) 26. Rb7 (26. h6
a4 27. Ra3 b2 28. Rb7 Rdb8 $19) 26... a4 27. Ra3 Rab8 28. Rxb8 Rxb8 29. Bc1 (
29. d7 Nxd7 30. Bxb8 b2 $19) 29... b2 30. Bxb2 Rxb2 31. Rxa4 Rb6 (31... Rb7 $1
$19) (31... Kg7 {Hertneck} 32. hxg6 (32. Ra5 Ne6 33. d7 Nf4 34. f3 Rb8 $19)
32... Rb6 $19) 32. Ra8 Rb7 $1 (32... Rxd6 33. h6 Re6 34. h7+ Kxh7 35. Rxf8 Kg7
36. Rd8 Re1+ 37. Kg2 Rc1 $10) 33. h6 f6 34. Ra5 Rd7 35. Rxd5 Ne6 36. Kf1 Kh7
37. Rc5 (37. Ke1 Kxh6 38. Kd2 Kg7 $19) 37... Nxc5 38. dxc5 Kxh6 39. Ke2 {
Ftacnik,L} (39. Ke2 Kg5 40. Ke3 Kf5 41. Kd4 Ke6 42. Kxc4 Ra7 $19) 0-1

[Event "USA-ch"]
[Site "Long Beach"]
[Date "1993.??.??"]
[Round "6"]
[White "Kaidanov, Gregory S"]
[Black "Shabalov, Alexander"]
[Result "1-0"]
[WhiteElo "2640"]
[BlackElo "2590"]
[Annotator "Ftacnik,L"]
[PlyCount "120"]
[EventDate "1993.12.??"]
[EventType "tourn"]
[EventRounds "11"]
[EventCountry "USA"]
[EventCategory "14"]
[SourceTitle "CBM 039"]
[Source "ChessBase"]
[SourceDate "1994.04.01"]
[SourceVersion "1"]
[SourceVersionDate "1994.04.01"]
[SourceQuality "1"]

1. d4 d5 2. c4 c6 3. Nc3 Nf6 4. Nf3 a6 5. a4 {This response is not automatic,
as recent games show:} (5. Ne5 Nbd7 6. g3 e6 7. Bg2 Nxe5 8. dxe5 Nd7 9. cxd5
exd5 10. e4 d4 11. Qxd4 Bc5 12. Qd1 Nxe5 $10) (5. c5 Nbd7 6. Bf4 Nh5 7. e3 Nxf4
8. exf4 Qc7 9. Qd2 g6 10. Bd3 Bg7 11. O-O e6 {and Black was at least equal in
Moskalenko-Rogozenko, Nikolayev Zonal 1993.}) (5. g3 b5 6. c5 $1 g6 7. Bg2 Bg7
8. O-O O-O 9. Ne5 Be6 10. h3 $14 {Goldin-Bologan, New York Open 1993.}) 5...
Bf5 6. Qb3 b6 7. g3 e6 8. Bg2 dxc4 9. Qxc4 b5 10. Qb3 b4 11. Nb1 Be7 12. O-O
O-O 13. Bg5 Nbd7 14. Nbd2 Rc8 15. Rac1 c5 16. Ne5 cxd4 17. Nc6 Qe8 18. Nxd4
Rxc1 19. Rxc1 Bg4 20. Qc4 h6 21. Be3 Nd5 22. Bxd5 exd5 (22... Nb6 $5 {looks
much stronger.}) 23. Qxd5 Bf6 24. b3 Bxd4 25. Qxd4 Bxe2 26. Bf4 Qe6 27. Re1 {
[#]} Re8 28. Rxe2 Qxe2 29. Qxd7 Qd1+ 30. Kg2 Re1 31. Qc8+ Kh7 32. Qf5+ Kg8 33.
Qc8+ Kh7 34. Qf5+ Kg8 35. Nf3 Re8 36. Qg4 Qxb3 37. Bxh6 g6 38. Qd4 (38. Qh4 $5)
38... Qc3 39. Qd7 Rc8 40. Bd2 Qc6 $1 {This is the position after time control.}
41. Qd4 (41. Qxc6 Rxc6 42. Bxb4 Rc4 {and Black is no worse.}) 41... Qc4 42. Qb6
b3 43. Qb7 Rd8 44. Bg5 Qd5 45. Qb4 Rd6 46. Qb8+ Kh7 {In the Analysis room, the
expectation was that the king would go to g7.} (46... Kg7 47. Bh6+ $5 (47. Be7
Rc6 48. Qf8+ (48. Bf8+ $5 Kh7 49. Qf4 g5) 48... Kh7 49. Bg5 Rc3) 47... Kf6 48.
Bf4 (48. Qf8 Ke6 49. Bg5 Rd7 50. Qe8+ Kd6 51. Bf4+ Kc6 52. Qc8+ Kb6 53. Bd2) (
48. Qh8+ Kf5 $13 {One championship participant suggested 49.Nd4+ here.} (48...
Ke7 49. Bf8+) (48... Ke6 49. Qe8+ Kf5 50. h3)) 48... Rd7 49. Be5+ Kf5 50. h3
Rb7 51. Qc8+ Ke4 52. g4 $1 b2 53. Qc2+ Qd3 54. Nd2+ Kxe5 55. Qxd3 $18) 47. Qf8
$18 Qb7 48. Bh6 (48. Be7 Qd5 49. Bxd6 b2 50. Be5 $18) 48... f6 49. Bc1 (49. Bg7
Qxg7 50. Qxd6 Qb7) 49... Rd1 50. Qh6+ Kg8 51. Qxg6+ Qg7 52. Qe8+ Qf8 53. Qe6+
Qf7 54. Qc8+ Kh7 55. Bb2 Rd3 56. Qxa6 Rxf3 {Desperation.} 57. Kxf3 Qd5+ 58. Ke3
Qc5+ 59. Bd4 Qc1+ 60. Ke4 Qh1+ {Another time control reached and Shabalov
resigned.} 1-0

[Event "La Roche sur Yon"]
[Site "La Roche sur Yon"]
[Date "2006.03.16"]
[Round "2"]
[White "Werle, Jan"]
[Black "Pelletier, Yannick"]
[Result "1-0"]
[WhiteElo "2514"]
[BlackElo "2579"]
[Annotator "Ftacnik,L"]
[PlyCount "85"]
[EventDate "2006.03.15"]
[EventType "tourn"]
[EventRounds "9"]
[EventCountry "FRA"]
[EventCategory "12"]
[SourceTitle "CBM 112"]
[Source "ChessBase"]
[SourceDate "2006.06.07"]
[SourceVersion "1"]
[SourceVersionDate "2006.06.07"]
[SourceQuality "1"]

1. Nf3 d5 2. d4 Nf6 3. c4 c6 4. Nc3 a6 5. c5 Nbd7 6. Bf4 Nh5 7. e3 Nxf4 8. exf4
b6 9. cxb6 e6 10. Bd3 Bd6 11. f5 {The other concept with 11.g3 is trying to
keep the control of the dark squares.} (11. g3 c5 12. O-O O-O 13. Rc1 c4 14.
Bb1 Qxb6 15. b3 cxb3 16. Na4 Qb4 17. axb3 Rb8 18. Rc3 g6 19. Qc1 Bb7 20. Qe3
Rfc8 {1/2 Babula,V (2566)-Kritz,L (2547)/Austria 2005/ (42)}) 11... Nxb6 12.
fxe6 (12. Qc2 exf5 13. Bxf5 Qe7+ 14. Kf1 Bxf5 15. Qxf5 g6 16. Qd3 O-O 17. g3 a5
18. Kg2 a4 19. Rac1 Nc4 20. Rc2 Rfb8 {1/2 Gyimesi,Z (2628)-Dautov,R (2595)/
Gothenburg 2005/ (41)}) 12... Bxe6 13. O-O O-O 14. Qc2 g6 (14... h6 15. Rfe1
Qf6 $11) 15. Rfe1 Qf6 16. Na4 Nxa4 17. Qxa4 c5 {Pelletier has no reason for
dissatisfaction. It will be easy to compensate for the isolated d5 pawn with
the help of a bishops pair.} (17... Rfc8 18. Rac1 c5 19. dxc5 Rxc5 20. Rxc5
Bxc5 21. Rc1 Bf8 22. Rc2 {1/2 Volke,K (2473)-Jackelen,T (2454)/Germany 2005/})
18. dxc5 (18. b3 $6 Qf4 19. Rac1 Rfc8 20. Bxa6 Bf8 21. Qb5 Rcb8 22. Qc6 cxd4
$15) 18... Bxc5 19. Rac1 Rfc8 (19... Bd6 20. Qd4 (20. Qc6 $2 Bb4 $1 $17) 20...
Qxd4 21. Nxd4 Bd7 22. h3 $11) 20. Rc2 a5 (20... Bf8 21. Rxc8 Bxc8 (21... Rxc8
22. Qxa6 Rb8 23. b3 Bc5) 22. Qb3 Be6 $11) 21. Rec1 Bf8 (21... Qe7 22. Qb5 Bd7
23. Qb7 Be6 24. Qxe7 Bxe7 25. Nd4 Bd7 $11) 22. Nd4 {Werle has got a chance to
force the swap of all the pawns of the queenside, but he opts for continuation
of the fight.} (22. Rxc8 Rxc8 23. Rxc8 Bxc8 24. Qxa5 Qxb2 25. Qxd5 Be6 26. Qa8
Bxa2 27. Bf1 $11) 22... Qf4 23. g3 Qxc1+ (23... Qg4 24. Be2 Qe4 25. Bf3 Rxc2
26. Rxc2 Qe1+ (26... Qe5 27. Nxe6 fxe6 28. Bg4 $16) 27. Kg2 Qb4 $11) (23...
Rxc2 24. Rxc2 Qd6 $11) 24. Rxc1 Rxc1+ 25. Kg2 Rc7 $2 {[%mdl 16384] The
reatreat of the rook is a serious conceptual mistake. Black was onbviously not
suspecting seriousness of the problems after the exchange on the e6 square.} (
25... Bc8 26. Nc2 Ra7 27. Qf4 Rd1 28. Qb8 Re7 29. Qxc8 Rxd3 $11) (25... Bg4 26.
Nb3 Bd1 27. Be2 Bxb3 28. Qxb3 Rc5 $11) 26. Nxe6 $1 fxe6 27. Be2 (27. h4 $5 $14)
27... Kh8 (27... Bd6 28. Qd4 Kf7 29. Bd3 Rb7 30. b3 $14) 28. a3 Rcc8 (28... e5
29. Bb5 Rc5 30. b4 Rc3 31. Bc6 Rb8 32. Bxd5 axb4 33. axb4 Bxb4 34. f4 $16) 29.
h4 $5 {The weakening of the black´s kingside will make the defense much more
difficult.} (29. Qd7 Re8 30. Bg4 Re7 31. Qc6 Rae8 32. Qb5 Bg7 33. b3 $16) 29...
Bg7 30. h5 gxh5 (30... Bxb2 31. hxg6 hxg6 32. Bg4 d4 33. Bxe6 Rc7 34. Qb3 Bc3
35. Bf7 Kg7 (35... d3 36. Bc4 $1 $18) 36. Bxg6 Ra6 37. Qd5 Kxg6 38. Qe4+ Kf7
39. Qf4+ $18) 31. Bxh5 Rab8 $6 {The last chance to show the real resistance
has evaporated with this natural move. It was better to eliminate the white b
pawn with the bishop.} (31... Bxb2 $5 32. Bf7 Bg7 33. Bxe6 Rc5 34. Qd7 $14) 32.
b3 Rc2 33. b4 Rd2 34. bxa5 Rf8 (34... Bd4 35. Kh3 $1 Bxf2 $2 36. Qf4 $18) 35.
Kh3 Rdxf2 (35... Rfxf2 36. Qe8+ Rf8 37. Qxe6 $16) 36. a6 Ra8 (36... d4 37. a7
Ra8 38. Be8 $1 d3 39. Bc6 $18) 37. Be8 $1 {Excellent transfer of the bishop
and the highlight of the succesful white´s concept. The defense with the black
rook locked on the a7 square will not be possible.} (37. a7 Rff8 38. Qd7 Rfd8
39. Qb7 Bd4 40. Qe7 Bg7 41. Bf7 $16) 37... Ra7 38. Bc6 Rf8 (38... Rff7 39. Bb7
e5 40. Qb3 $18) 39. Bb7 Be5 40. Qc6 Bb8 (40... Bd4 41. Qxe6 Bf2 42. Qe5+ Kg8
43. Bxd5+ $18) 41. Qxe6 Kg7 42. Qxd5 h6 43. Qe6 1-0

[Event "Interpolis-02"]
[Site "Tilburg"]
[Date "1978.09.09"]
[Round "7"]
[White "Sosonko, Gennadi"]
[Black "Hort, Vlastimil"]
[Result "1/2-1/2"]
[WhiteElo "2575"]
[BlackElo "2620"]
[Annotator "Ftacnik,L"]
[PlyCount "28"]
[EventDate "1978.09.01"]
[EventType "tourn"]
[EventRounds "11"]
[EventCountry "NED"]
[EventCategory "14"]
[SourceTitle "MCL"]
[Source "ChessBase"]
[SourceDate "1999.07.01"]
[SourceVersion "1"]
[SourceVersionDate "1999.07.01"]
[SourceQuality "1"]

1. d4 d5 2. Nf3 Nf6 3. c4 c6 4. Nc3 dxc4 5. e3 (5. e4 $5) (5. a4) 5... b5 6. a4
b4 7. Nb1 (7. Na2) 7... Ba6 8. Qc2 e6 9. Bxc4 Bxc4 10. Qxc4 Qd5 11. Nbd2 Be7 (
11... Nbd7 12. Qe2 Ne4 13. Nxe4 Qxe4 14. O-O Be7 15. Bd2 O-O $10 {
Stahlberg-Euwe, Stockholm 1937}) 12. O-O O-O 13. Qe2 (13. Qc2 $5) 13... c5 (
13... Ne4 $5 14. Nxe4 Qxe4 15. Bd2 $5 Nd7) 14. b3 cxd4 1/2-1/2

[Event "Sarajevo Bosnia 39th"]
[Site "Sarajevo"]
[Date "2009.05.09"]
[Round "2"]
[White "Eljanov, Pavel"]
[Black "Sokolov, Ivan"]
[Result "1-0"]
[WhiteElo "2693"]
[BlackElo "2669"]
[Annotator "Ftacnik,L"]
[PlyCount "63"]
[EventDate "2009.05.07"]
[EventType "tourn"]
[EventRounds "10"]
[EventCountry "BIH"]
[EventCategory "18"]
[SourceTitle "CBM 130"]
[Source "ChessBase"]
[SourceDate "2009.05.20"]
[SourceVersion "1"]
[SourceVersionDate "2009.05.20"]
[SourceQuality "1"]

1. d4 d5 2. c4 c6 3. Nf3 Nf6 4. Nc3 a6 5. e3 b5 6. c5 g6 {The system with 6.c5
has become more popular after the discovery, that the natural move 6...Bg4 is
not sufficient for equality. Black players are working on best ways to justify
the development with fianchetto of the dark squared bishop.} (6... Bg4 7. Qb3
$1) 7. Ne5 Bg7 8. Be2 Nfd7 {It seems very natural to fight against the mighty
intruder on e5 as soon as possible.} (8... O-O 9. f4 (9. O-O Be6 10. Bd2 Qc7
11. Be1 Nbd7 12. f4 Nxe5 13. fxe5 Ne4 14. Bd3 Nxc3 15. bxc3 f6 16. exf6 Rxf6
17. Rxf6 exf6 18. Bg3 Qd7 $11 {1/2-1/2 Kotsur,P (2563)-Kanep,M (2526)/Dresden
2008 (31)}) 9... Qc7 10. O-O a5 11. Bd3 Bf5 12. Bxf5 gxf5 13. Bd2 Nbd7 14. Be1
e6 15. Rf3 Ne4 16. Nxe4 dxe4 17. Rh3 Rfe8 18. Nxd7 Qxd7 19. Qh5 h6 20. Bh4 $16
{1/2-1/2 Bacrot,E (2705)-Wang Yue (2736)/Dresden 2008 (31)}) 9. f4 Nxe5 (9...
O-O 10. O-O a5 11. Bf3 Nxe5 12. fxe5 f5 13. exf6 (13. Bd2 Na6 14. Ne2 Nc7 15.
Nf4 Ne6 $14) 13... Bxf6 14. Ne2 Bg7 15. Bd2 Bf5 16. Ng3 e6 17. Bc3 Nd7 18. a3
Nf6 19. Qe1 a4 20. Rd1 Ra7 $11 {1/2-1/2 Kempinski,R (2595)-Rustemov,A (2520)/
Germany 2009 (37)}) 10. fxe5 f6 $6 {Sokolov is rushing the clarification in
the center, but he suffers from limited space and modest development. Eljanov
will convincingly refute the strategy, so the more restrained concept must be
preferred.} (10... O-O 11. O-O a5 12. e4 (12. a3 Na6 13. e4 dxe4 14. Nxe4 Nc7
15. Be3 {1/2-1/2 Brodsky,M (2595)-Burmakin,V (2581)/Tromsoe 2007}) 12... dxe4
13. Nxe4 Na6 14. a4 b4 15. Bc4 Nc7 16. Ng5 Be6 17. Nxe6 fxe6 18. Rxf8+ Qxf8 19.
Qg4 Qf5 20. Qe2 Nd5 21. g4 Qf7 22. Bd2 Rf8 23. Rf1 $16 {1-0 Gelfand,B (2733)
-Ragger,M (2540)/Austria 2009 (44)}) (10... Be6 11. O-O O-O 12. Bf3 f6 13. exf6
Bxf6 14. Kh1 Bg7 15. a4 b4 16. Ne2 a5 17. e4 dxe4 18. Bxe4 Rxf1+ 19. Qxf1 Bd5
20. Qf3 Bxe4 21. Qxe4 {1/2-1/2 Kempinski,R (2613)-Neuman,P (2444)/Czechia 2009
(38)} e5 $11) 11. exf6 exf6 (11... Bxf6 12. e4 (12. O-O e5 $5) 12... dxe4 13.
Be3 Bf5 14. g4 Bh4+ 15. Kd2 Be6 16. Qc2 $14) 12. e4 b4 (12... f5 13. exd5 (13.
e5 $5 O-O 14. O-O $16) 13... Qh4+ 14. g3 Qxd4 15. Qxd4 Bxd4 16. Bf4 cxd5 17.
Nxd5 Bb7 18. O-O-O Bxd5 19. Rhe1 Nc6 20. Bxb5+ Kf7 21. Bxc6 Bxb2+ 22. Kxb2 Bxc6
23. Rd6 $14 {0-1 Cmilyte,V (2512)-Houska,J (2399)/Dresden 2008 (54)}) 13. Na4
$1 {[%mdl 4] The game will surely serve as a model in similar positions. White
is ready to mobilize his force in no time and worry about the pawns later.} (
13. Nxd5 $6 cxd5 14. exd5 O-O {1/2-1/2 Mohandesi,S (2342)-Lukov,V (2458)/
Creteil 2002} (14... f5 15. Be3 Qxd5 16. Bf3 Qe6 17. Kf2 Ra7 18. Bf4 Re7 19.
Re1 Qc4 $15)) 13... dxe4 14. Nb6 Ra7 15. Qb3 Re7 {The defender is already
struggling to finish his development. Centralizations of the rook will not
bring relief and is a sure sign of serious problems.} (15... a5 16. Bf4 Na6 (
16... Nd7 $2 17. Qe6+ Qe7 18. Qxc6 Bb7 19. Qa4 $18) 17. Bc4 Qxd4 18. Rd1 Nxc5
19. Rxd4 Nxb3 20. Rxe4+ $18) (15... f5 16. Bf4 Nd7 17. Qe6+ Qe7 18. Qxc6 Bb7
19. Qa4 $16) 16. Nxc8 Qxc8 17. Bf4 f5 (17... a5 18. Bd6 Ra7 19. O-O f5 20. Rad1
$16) 18. O-O-O Nd7 (18... a5 19. g4 Nd7 20. gxf5 Nf6 21. fxg6 hxg6 22. Bc4 $16)
19. Bd6 Nf6 20. Bc4 {White has time to collect material later, for the moment
the priority lays in control of the center and preparation for the attack.} Rd7
(20... Ra7 21. d5 cxd5 22. Bxd5 Nxd5 23. Qxd5 $16) 21. Kb1 Qb7 (21... Rxd6 22.
cxd6 Qd7 23. Qxb4 $18) 22. Qa4 Qa8 (22... Bf8 23. d5 Rxd6 24. cxd6 Bxd6 25.
dxc6 Qc7 26. Rxd6 Qxd6 27. Rd1 Qc7 28. Qxb4 $18) 23. g4 $1 {Excellent
strategical idea of opening the play in the moment, when Black is ill prepared
for even more strain against his pieces.} Nd5 (23... Nxg4 24. d5 Ne5 (24...
cxd5 25. Bxd5 Qa7 26. Be6 Nf6 27. Be5 $18) 25. Bb3 Qb7 26. dxc6 Nxc6 27. Bd5
$18) (23... fxg4 24. Rhf1 a5 25. Be6 Ra7 26. d5 $18) 24. gxf5 gxf5 (24... Ne3
25. Be6 Nxd1 26. Rxd1 gxf5 27. d5 $18) 25. Bxd5 cxd5 26. Rhf1 {Sokolov has
never gotten a chance to finish his development. White pieces will simply come
close and srush the feeble defences.} Kd8 (26... Bf8 27. Be5 Rg8 28. Rxf5 Qc8
29. Rdf1 $18) 27. Rxf5 Re8 28. Qxb4 Re6 (28... a5 29. Qb6+ Kc8 30. Rc1 Bxd4 31.
Rxd5 $18) 29. Rdf1 Kc8 (29... Qb7 30. Qa5+ Kc8 31. Rf8+ $18) 30. Rf8+ Bxf8 31.
Rxf8+ Rd8 32. Qb6 1-0